Tuyển chọn và dịch thuật một số tiêu đề báo chí Anh Việt - Việt Anh
Bewaard in:
| Hoofdauteur: | |
|---|---|
| Andere auteurs: | |
| Formaat: | Boek |
| Taal: | Vietnamese |
| Gepubliceerd in: |
Đà Nẵng,
1994.
|
| Onderwerpen: | |
| Tags: |
Voeg label toe
Geen labels, Wees de eerste die dit record labelt!
|
| Thư viện lưu trữ: | Mạng thư viện Đại học Đà Nẵng |
|---|
| LEADER | 01061cmm a2200361 i 4500 | ||
|---|---|---|---|
| 001 | 000044691 | ||
| 003 | 3099 | ||
| 005 | 20030508101226.0 | ||
| 008 | 010313|1994 vm 000 vie | ||
| 040 | |a IRC |c IRC |d IRC | ||
| 041 | 0 | |a vie | |
| 082 | 1 | 4 | |a 428 |b BU-M |
| 100 | 1 | |a Bùi Nguyễn Huy Minh. | |
| 245 | 0 | 0 | |a Tuyển chọn và dịch thuật một số tiêu đề báo chí Anh Việt - Việt Anh |h [Thesis-Luận văn] / |c Bùi Nguyễn Huy Minh thực hiện; Nguyễn Văn Mười hướng dẫn. |
| 260 | |a Đà Nẵng, |c 1994. | ||
| 300 | |a 55Tr. ; |c 31cm. | ||
| 630 | 0 | 4 | |a Anh ngữ. |
| 630 | 0 | 4 | |a Báo chí. |
| 630 | 0 | 4 | |a Dịch thuật. |
| 630 | 0 | 4 | |a Khoá luận. |
| 650 | 0 | 4 | |a Anh ngữ |x Dịch thuật. |
| 650 | 0 | 4 | |a Anh Việt |x Dịch thuật. |
| 700 | 1 | |a Nguyễn Văn Mười, |e hướng dẫn. | |
| OWN | |a DUT | ||
| 999 | |a From the UDN01 | ||
| TYP | |a Computer file | ||
| TYP | |a Monograph | ||
| 980 | |a Mạng thư viện Đại học Đà Nẵng | ||